|
|
|
|
| LEADER |
00837naa a2200193 i 4500 |
| 001 |
publ22129 |
| 005 |
20210819150849.0 |
| 008 |
210819s2021 hu o 0|| zxx d |
| 020 |
|
|
|a 9786156161055
|
| 024 |
7 |
|
|a 31969086
|2 mtmt
|
| 040 |
|
|
|a SZTE Publicatio Repozitórium
|b hun
|
| 041 |
|
|
|a zxx
|
| 100 |
1 |
|
|a Bíró Gyöngyvér
|
| 245 |
1 |
0 |
|a Adatok az Alföld 12–14. századi edényművességéhez
|h [elektronikus dokumentum] /
|c Bíró Gyöngyvér
|
| 260 |
|
|
|a Damjanich János Megyei Múzeum
|b Szolnok
|c 2021
|
| 300 |
|
|
|a 15
|
| 300 |
|
|
|a 164-178
|
| 490 |
0 |
|
|a Évezredek a Közép-Tisza mentén
|
| 856 |
4 |
0 |
|u http://publicatio.bibl.u-szeged.hu/22129/1/ADATOK%20AZ%20ALF%C3%96LD%2012%E2%80%9314.%20SZ%C3%81ZADI%20ED%C3%89NYM%C5%B0VESS%C3%89G%C3%89HEZFEH%C3%89R%20KER%C3%81MI%C3%81K%20J%C3%81SZ-NAGYKUN-SZOLNOK%20MEGY%C3%89BEN1.pdf
|z Dokumentum-elérés
|